ბათუმის შოთა რუსთაველის სახელმწიფო უნივერსიტეტის ბიბლიოთეკა

Алгоритмы построение и анализ (ბიბ.ჩანაწერი № 34965)

000 -LEADER
fixed length control field 00661nam a2200241Ia 4500
001 - CONTROL NUMBER
control field 798
003 - CONTROL NUMBER IDENTIFIER
control field GE_BSU
008 - FIXED-LENGTH DATA ELEMENTS--GENERAL INFORMATION
fixed length control field 181216s||||||||xx |||||||||||||| ||und||
020 ## - INTERNATIONAL STANDARD BOOK NUMBER
International Standard Book Number 978584590857
040 ## - CATALOGING SOURCE
Transcribing agency GE_BSU
080 ## - UNIVERSAL DECIMAL CLASSIFICATION NUMBER
Universal Decimal Classification number 681.3.07
100 ## - MAIN ENTRY--PERSONAL NAME
Personal name Кормен, Томас и др.
245 ## - TITLE STATEMENT
Title Алгоритмы построение и анализ
260 ## - PUBLICATION, DISTRIBUTION, ETC.
Place of publication, distribution, etc. Москва
260 ## - PUBLICATION, DISTRIBUTION, ETC.
Name of publisher, distributor, etc. Изд.дом "Вильямс
260 ## - PUBLICATION, DISTRIBUTION, ETC.
Date of publication, distribution, etc. 2011
300 ## - PHYSICAL DESCRIPTION
Extent 1296стр.
520 ## - SUMMARY, ETC.
Summary, etc. перевод. с англ.
653 ## - INDEX TERM--UNCONTROLLED
Uncontrolled term Алгоритмы
653 ## - INDEX TERM--UNCONTROLLED
Uncontrolled term Алгоритмы построение и анализ
942 ## - ADDED ENTRY ELEMENTS (KOHA)
Koha item type წიგნი
ეგზემპლარები
Withdrawn status Lost status Damaged status Not for loan Date acquired Barcode Date last seen Price effective from Koha item type Public note
        2018-12-17 2391 2018-12-17 2018-12-17 წიგნი დარბაზი
        2018-12-17 2392 2018-12-17 2018-12-17 წიგნი დარბაზი
        2018-12-17 2393 2018-12-17 2018-12-17 წიგნი საცავი